Best Player for every NFL Team 2022-2023 - Statistics

General Stats
  • This quiz has been taken 238 times
  • The average score is 22 of 32
Answer Stats
Hint Answer % Correct
Bills Josh Allen
94%
Cardinals Kyler Murray
90%
Ravens Lamar Jackson
87%
Vikings Justin Jefferson
84%
Chiefs Patrick Mahomes
84%
Dolphins Tyreek Hill
84%
Bengals Joe Burrow
83%
Raiders Davante Adams
82%
Rams Cooper Kupp
80%
Chargers Justin Herbert
79%
Broncos Russell Wilson
79%
Titans Derrick Henry
77%
Eagles Jalen Hurts
77%
Bears Justin Fields
76%
Jaguars Trevor Lawrence
74%
Bucs Tom Brady
73%
Seahawks Geno Smith
71%
Cowboys Micah Parsons
70%
Giants Saquon Barkley
68%
Steelers TJ Watt
68%
Lions Amon Ra St Brown
66%
Browns Myles Garrett
66%
Packers Christian Watson
59%
Colts Jonathan Taylor
59%
Commanders Terry Mclaurin
59%
49ers Brock Purdy
53%
Jets Sauce Gardner
53%
Saints Chris Olave
47%
Falcons Drake London
44%
Texans Brandin Cooks
39%
Patriots Rhamondre Stevenson
33%
Panthers Jaycee Horn
19%
No matching quizzes found
Score Distribution
Percent of People with Each Score
Percentile by Number Answered
Your Score History
You have not taken this quiz